Stakeholders government-NGO partnerships for international development
Salvato in:
| Altri autori: | |
|---|---|
| Natura: | Libro |
| Lingua: | inglese |
| Pubblicazione: |
London
Earthscan
1999
|
| Soggetti: | |
| Tags: |
Nessun Tag, puoi essere il primo ad aggiungerne!!
|
MARC
| LEADER | 00000nam a2200000 4500 | ||
|---|---|---|---|
| 001 | c122684 | ||
| 005 | 20221221084804.8 | ||
| 020 | |a 1-85383-589-7 | ||
| 041 | 0 | |a eng | |
| 044 | |a GB | ||
| 245 | 1 | 0 | |a Stakeholders |b government-NGO partnerships for international development |c Edited by Ian Smillie ... [et al.] |
| 264 | 1 | |a London |b Earthscan |c 1999 | |
| 300 | |a 317 s. | ||
| 610 | 2 | 0 | |a partneri obchodní |
| 610 | 2 | 0 | |a organizácie medzinárodné |
| 610 | 2 | 0 | |a spolupráca medzinárodná |
| 610 | 2 | 0 | |a krajiny rozvojové |
| 610 | 2 | 0 | |a štát |
| 610 | 2 | 0 | |a politika finančná |
| 610 | 2 | 0 | |a pomoc zahraničná |
| 610 | 2 | 0 | |a programy rozvojové |
| 610 | 2 | 0 | |a vzdelanie |
| 610 | 2 | 0 | |a projekty |
| 610 | 2 | 0 | |a OECD |
| 700 | 1 | |a Smillie, Ian | |